Personnel management in India: the practical approachoto humnncelations in industry (Record no. 369802)

000 -LEADER
fixed length control field 00507cam a22001577a 4500
008 - FIXED-LENGTH DATA ELEMENTS--GENERAL INFORMATION
fixed length control field 180718b1961 xxu||||| |||| 00| 0 eng d
082 ## - DEWEY DECIMAL CLASSIFICATION NUMBER
Classification number K In2
245 ## - TITLE STATEMENT
Title Personnel management in India: the practical approachoto humnncelations in industry
Statement of responsibility, etc. by Indian Institute of Personnel Management
260 ## - PUBLICATION, DISTRIBUTION, ETC.
Place of publication, distribution, etc. Bombay
Name of publisher, distributor, etc. Asia Pub. House
Date of publication, distribution, etc. 1961
300 ## - PHYSICAL DESCRIPTION
Extent 316p.
440 ## - SERIES STATEMENT/ADDED ENTRY--TITLE
Title bibl.
500 ## - GENERAL NOTE
General note Rs.10.50
650 ## - SUBJECT ADDED ENTRY--TOPICAL TERM
Topical term or geographic name entry element Labour Relations
650 ## - SUBJECT ADDED ENTRY--TOPICAL TERM
Topical term or geographic name entry element Personnel
700 ## - ADDED ENTRY--PERSONAL NAME
Personal name Indian Institute of Personnel Management
Holdings
Withdrawn status Lost status Damaged status Not for loan Permanent Location Current Location Date acquired Full call number Barcode Date last seen Price effective from Koha item type
        Indian Institute of Public Administration Indian Institute of Public Administration 1994-06-02 K In2 26387 2018-07-21 2018-07-21 Book

Powered by Koha